<?xml version="1.0" encoding="UTF-8"?>
<collection xmlns="http://www.loc.gov/MARC21/slim">
 <record>
  <leader>02528nam a2200397 a 4500</leader>
  <controlfield tag="001">18131</controlfield>
  <controlfield tag="003">BD-DhAAL</controlfield>
  <controlfield tag="005">20231018143109.0</controlfield>
  <controlfield tag="008">090916r20071990ii a     b    001 0 eng d</controlfield>
  <datafield tag="020" ind1=" " ind2=" ">
   <subfield code="a">0852264771</subfield>
  </datafield>
  <datafield tag="020" ind1=" " ind2=" ">
   <subfield code="a">8173280363</subfield>
  </datafield>
  <datafield tag="020" ind1=" " ind2=" ">
   <subfield code="a">8122415229</subfield>
   <subfield code="a">9788122415223</subfield>
  </datafield>
  <datafield tag="040" ind1=" " ind2=" ">
   <subfield code="a">BD-DhAAL</subfield>
  </datafield>
  <datafield tag="082" ind1="0" ind2="0">
   <subfield code="a">001.42</subfield>
   <subfield code="2">22</subfield>
  </datafield>
  <datafield tag="100" ind1="1" ind2=" ">
   <subfield code="a">Kothari, C. R.</subfield>
   <subfield code="9">1934</subfield>
  </datafield>
  <datafield tag="245" ind1="1" ind2="0">
   <subfield code="a">Research methodology :</subfield>
   <subfield code="b">methods and techniques /</subfield>
   <subfield code="c">C. R. Kothari. </subfield>
  </datafield>
  <datafield tag="250" ind1=" " ind2=" ">
   <subfield code="a">Second edition &amp; Revised edition</subfield>
  </datafield>
  <datafield tag="260" ind1=" " ind2=" ">
   <subfield code="a">New Delhi :</subfield>
   <subfield code="b">New Age;</subfield>
   <subfield code="b">Wishwa Prakashan,</subfield>
   <subfield code="c">1990 [reprinted 2000, 2007,2003, 2012].</subfield>
  </datafield>
  <datafield tag="300" ind1=" " ind2=" ">
   <subfield code="a">401 pages ;</subfield>
   <subfield code="a">xi, 468 pages :</subfield>
   <subfield code="b">illustrations ;</subfield>
   <subfield code="c">24 cm.</subfield>
  </datafield>
  <datafield tag="504" ind1=" " ind2=" ">
   <subfield code="a">Includes bibliographical references and index.</subfield>
  </datafield>
  <datafield tag="526" ind1=" " ind2=" ">
   <subfield code="a">BIED</subfield>
  </datafield>
  <datafield tag="541" ind1="1" ind2=" ">
   <subfield code="a">Complimentary copy from BIED</subfield>
   <subfield code="e">16277, 18131, 36744</subfield>
  </datafield>
  <datafield tag="650" ind1="0" ind2=" ">
   <subfield code="a">Research</subfield>
   <subfield code="x">Methodology.</subfield>
   <subfield code="9">211</subfield>
  </datafield>
  <datafield tag="650" ind1="0" ind2=" ">
   <subfield code="a">Research.</subfield>
   <subfield code="9">1935</subfield>
  </datafield>
  <datafield tag="650" ind1="0" ind2=" ">
   <subfield code="a">Social sciences</subfield>
   <subfield code="x">Research.</subfield>
   <subfield code="9">1800</subfield>
  </datafield>
  <datafield tag="650" ind1="0" ind2=" ">
   <subfield code="a">Humanities</subfield>
   <subfield code="x">Research</subfield>
   <subfield code="9">1936</subfield>
  </datafield>
  <datafield tag="852" ind1="4" ind2=" ">
   <subfield code="a">Ayesha Abed Library</subfield>
   <subfield code="c">General Stacks</subfield>
  </datafield>
  <datafield tag="942" ind1=" " ind2=" ">
   <subfield code="2">ddc</subfield>
   <subfield code="c">BK</subfield>
  </datafield>
  <datafield tag="999" ind1=" " ind2=" ">
   <subfield code="c">4072</subfield>
   <subfield code="d">4072</subfield>
  </datafield>
  <datafield tag="952" ind1=" " ind2=" ">
   <subfield code="0">0</subfield>
   <subfield code="1">4</subfield>
   <subfield code="2">ddc</subfield>
   <subfield code="4">0</subfield>
   <subfield code="6">001_420000000000000_KOT</subfield>
   <subfield code="7">0</subfield>
   <subfield code="9">3745</subfield>
   <subfield code="a">BRACUL</subfield>
   <subfield code="b">BRACUL</subfield>
   <subfield code="c">GEN</subfield>
   <subfield code="d">2009-10-03</subfield>
   <subfield code="l">7</subfield>
   <subfield code="m">4</subfield>
   <subfield code="o">001.42 KOT</subfield>
   <subfield code="p">3010016277</subfield>
   <subfield code="r">2010-11-15</subfield>
   <subfield code="s">2010-11-15</subfield>
   <subfield code="t">1</subfield>
   <subfield code="w">2009-10-03</subfield>
   <subfield code="y">BK</subfield>
   <subfield code="x">Koha Inventory 2020</subfield>
  </datafield>
  <datafield tag="952" ind1=" " ind2=" ">
   <subfield code="0">0</subfield>
   <subfield code="1">0</subfield>
   <subfield code="2">ddc</subfield>
   <subfield code="4">0</subfield>
   <subfield code="6">001_420000000000000_KOT_2007</subfield>
   <subfield code="7">0</subfield>
   <subfield code="9">9550</subfield>
   <subfield code="a">BRACUL</subfield>
   <subfield code="b">BRACUL</subfield>
   <subfield code="c">GEN</subfield>
   <subfield code="d">2010-04-29</subfield>
   <subfield code="l">16</subfield>
   <subfield code="m">46</subfield>
   <subfield code="o">001.42 KOT</subfield>
   <subfield code="p">3010016276</subfield>
   <subfield code="r">2025-07-15</subfield>
   <subfield code="s">2025-07-08</subfield>
   <subfield code="t">2</subfield>
   <subfield code="w">2010-04-29</subfield>
   <subfield code="y">BK</subfield>
  </datafield>
  <datafield tag="952" ind1=" " ind2=" ">
   <subfield code="0">0</subfield>
   <subfield code="1">0</subfield>
   <subfield code="2">ddc</subfield>
   <subfield code="4">0</subfield>
   <subfield code="6">001_420000000000000_KOT</subfield>
   <subfield code="7">0</subfield>
   <subfield code="9">18180</subfield>
   <subfield code="a">BRACUL</subfield>
   <subfield code="b">BRACUL</subfield>
   <subfield code="c">GEN</subfield>
   <subfield code="d">2011-09-24</subfield>
   <subfield code="e">Paragon Enterprises Ltd.</subfield>
   <subfield code="g">340.00</subfield>
   <subfield code="l">15</subfield>
   <subfield code="m">68</subfield>
   <subfield code="o">001.42 KOT</subfield>
   <subfield code="p">3010023483</subfield>
   <subfield code="q">2026-07-07</subfield>
   <subfield code="r">2024-07-16</subfield>
   <subfield code="s">2024-07-16</subfield>
   <subfield code="t">3</subfield>
   <subfield code="w">2011-09-25</subfield>
   <subfield code="y">BK</subfield>
  </datafield>
  <datafield tag="952" ind1=" " ind2=" ">
   <subfield code="0">0</subfield>
   <subfield code="1">2</subfield>
   <subfield code="2">ddc</subfield>
   <subfield code="4">0</subfield>
   <subfield code="6">001_420000000000000_KOT</subfield>
   <subfield code="7">0</subfield>
   <subfield code="9">18181</subfield>
   <subfield code="a">BRACUL</subfield>
   <subfield code="b">BRACUL</subfield>
   <subfield code="c">GEN</subfield>
   <subfield code="d">2011-09-24</subfield>
   <subfield code="e">Paragon Enterprises Ltd.</subfield>
   <subfield code="g">340.00</subfield>
   <subfield code="l">10</subfield>
   <subfield code="m">72</subfield>
   <subfield code="o">001.42 KOT</subfield>
   <subfield code="p">3010023484</subfield>
   <subfield code="q">2017-12-21</subfield>
   <subfield code="r">2017-09-21</subfield>
   <subfield code="s">2017-09-21</subfield>
   <subfield code="t">4</subfield>
   <subfield code="w">2011-09-25</subfield>
   <subfield code="y">BK</subfield>
  </datafield>
  <datafield tag="952" ind1=" " ind2=" ">
   <subfield code="0">0</subfield>
   <subfield code="1">0</subfield>
   <subfield code="2">ddc</subfield>
   <subfield code="4">0</subfield>
   <subfield code="6">001_420000000000000_KOT</subfield>
   <subfield code="7">0</subfield>
   <subfield code="9">22385</subfield>
   <subfield code="a">IGS</subfield>
   <subfield code="b">IGS</subfield>
   <subfield code="c">GEN</subfield>
   <subfield code="d">2013-05-19</subfield>
   <subfield code="e">S.T.S. International </subfield>
   <subfield code="g">360.00</subfield>
   <subfield code="l">0</subfield>
   <subfield code="o">001.42 KOT</subfield>
   <subfield code="p">3010027054</subfield>
   <subfield code="r">2013-05-19</subfield>
   <subfield code="t">5</subfield>
   <subfield code="w">2013-05-19</subfield>
   <subfield code="y">BK</subfield>
  </datafield>
  <datafield tag="952" ind1=" " ind2=" ">
   <subfield code="0">0</subfield>
   <subfield code="1">0</subfield>
   <subfield code="2">ddc</subfield>
   <subfield code="4">0</subfield>
   <subfield code="6">001_420000000000000_KOT</subfield>
   <subfield code="7">0</subfield>
   <subfield code="9">69720</subfield>
   <subfield code="a">BRACUL</subfield>
   <subfield code="b">BRACUL</subfield>
   <subfield code="c">GEN</subfield>
   <subfield code="d">2022-02-03</subfield>
   <subfield code="e">Complimentary copy from BIED</subfield>
   <subfield code="l">1</subfield>
   <subfield code="m">2</subfield>
   <subfield code="o">001.42 KOT</subfield>
   <subfield code="p">3010037634</subfield>
   <subfield code="r">2024-02-20</subfield>
   <subfield code="s">2024-02-04</subfield>
   <subfield code="t">6</subfield>
   <subfield code="w">2022-02-03</subfield>
   <subfield code="y">BK</subfield>
   <subfield code="x">Transferred from BIED to General Stacks</subfield>
  </datafield>
  <datafield tag="952" ind1=" " ind2=" ">
   <subfield code="0">0</subfield>
   <subfield code="1">0</subfield>
   <subfield code="2">ddc</subfield>
   <subfield code="4">0</subfield>
   <subfield code="6">001_420000000000000_KOT</subfield>
   <subfield code="7">0</subfield>
   <subfield code="9">69736</subfield>
   <subfield code="a">BRACUL</subfield>
   <subfield code="b">BRACUL</subfield>
   <subfield code="c">GEN</subfield>
   <subfield code="d">2022-02-08</subfield>
   <subfield code="e">Complimentary copy from BIED</subfield>
   <subfield code="l">1</subfield>
   <subfield code="m">1</subfield>
   <subfield code="o">001.42 KOT</subfield>
   <subfield code="p">3010037644</subfield>
   <subfield code="q">2026-06-02</subfield>
   <subfield code="r">2026-05-07</subfield>
   <subfield code="s">2026-05-07</subfield>
   <subfield code="t">7</subfield>
   <subfield code="w">2022-02-08</subfield>
   <subfield code="y">BK</subfield>
   <subfield code="x">Transferred from BIED to General Stacks</subfield>
  </datafield>
 </record>
</collection>
